000 00794nam a2200265Ia 4500
003 OSt
005 20221005025457.0
006 a|||||r|||| 00| 0
007 ta
008 221004b |||||||| |||| 00| 0 eng d
024 _a25478
037 _cTextual
040 _aCRL
_cCRL
_beng
041 _2eng
_aeng
082 _aJ381.273N1, E4
100 _aSen Jatindra Nath
_9581761
245 0 _aPreliminary chemical study of the rices of Bihar and Orissa
260 _aCalcutta
_bSuperintendent of Government printing India
_c1916
300 _a20p.
_ccm.
490 _aBulletin,Agricultural research institute, Pusa.; No. 62 .
650 _a AGRICULTURE
650 _aRICE
942 _hJ381.273N1, E4
_cTEXL
_2cc
999 _c934750
_d934750